Представление документа в формате RUSMARC

ПолеНазваниеЗначение
  Тип записи a
  Библиографический уровень m
001 Контрольный номер RU/SLIB/B/208735750
005 Дата корректировки 20241225085214.0
010 Индекс ISBN __
d Цена 130-00
101 Язык документа 0_
a Язык текста rus
200 Заглавие и сведения об ответственности 1_
a Заглавие Мое водолечение: Средства для излечения болезней и сохранения здоровья
f Первые сведения об ответственности Кнейпп С.; пер. с нем. Б. И. Зифферман
b Общее обозначение материала Текст
205 Сведения об издании __
b Дополнительные сведения об издании Репр. изд.
210 Выходные данные 1_
a Место издания М.
c Издательство ВиМо
d Дата издания 1992
215 Физическое описание __
a Объем 336 с.
606 Тематические рубрики __
a Основная рубрика Здравоохранение. Медицинские науки
606 Тематические рубрики __
a Основная рубрика Физиотерапия и курортология в целом
610 Ключевые слова 0_
a Ключевые слова водолечение; лечение водой
686 Индексы других классификаций __
a Классификационный индекс 53.544; ст53.5
700 Автор _1
a Фамилия Кнейпп
b Имя С.
4 Код отношения 070
702 Вторичная интеллектуальная ответственность _1
a Фамилия Зифферман
b Имя Б. И.
4 Код отношения Переводчик
4 Код отношения 730
801 Источник записи _0
a Страна RU
b Организация Муниципальное бюджетное учреждение культуры "Централизованная библиотечная система" г. Сургут (Центральная городская библиотека им. А. С. Пушкина)
g Правила каталогизации КиК/Михайлова
801 Источник записи _1
a Страна RU
b Организация Муниципальное бюджетное учреждение культуры "Централизованная библиотечная система" г. Сургут (Центральная городская библиотека им. А. С. Пушкина)
g Правила каталогизации КиК/Михайлова
852 Данные о местонахождении __
j Шифр хранения 53.544
c Каталожный индекс 53.54
i Авторский знак К 53
p Инвентарный номер 49164
901 Тип документа __
t Тип документа m
990 Данные о заказе (DOS) __
j Количество экземпляров (DOS) 2
t N записи в КСУ для И/У (DOS) 199401